Statistiken für Bevölkerungsreichste Städte und Gemeinden der Pfalz

Klicken Sie hier um das Quiz zu spielen!

Allgemein

  • Dieses Quiz wurde 22 mal gespielt
    (8 seit der letzten Aktualisierung)
  • Das Durchschnittsergebnis liegt bei 11 aus 30

Antwortstatistiken

EinwohnerzahlStadt/Gemeinde% Korrekt
101.228Kaiserslautern
86%
174.265Ludwigshafen
86%
40.682Pirmasens
86%
51.368Speyer
86%
18.818Bad Dürkheim
71%
14.057Grünstadt
71%
47.610Landau
71%
49.051Frankenthal
57%
53.981Neustadt an der Weinstraße
57%
18.350Wörth
57%
34.534Zweibrücken
57%
21.099Germersheim
43%
10.062Bobenheim-Roxheim
29%
20.387Hassloch
29%
7.998Kirchheimbolanden
29%
11.669Limburgerhof
29%
13.139Mutterstadt
29%
8.732Bad Bergzabern
14%
10.583Böhl-Iggelheim
14%
7.500Dannstadt-Schauernheim
14%
10.872Herxheim
14%
7.592Jockgrim
14%
9.212Kandel
14%
8.336Landstuhl
14%
8.250Ramstein-Miesenbach
14%
9.907Römerberg
14%
20.615Schifferstadt
14%
8.855Bellheim
0%
9.362Eisenberg
0%
8.353Rülzheim
0%

Verteilung der Resultate

Perzentil nach korrekt beantworteten Fragen

Anzahl Personen mit jedem Resultat

Ihre Resultats-Entwicklung

Sie haben dieses Quiz seit der letzten Aktualisierung nicht gespielt